Statistics for 3 Letter combinations that start multiple capital cities

Click here to take the quiz!

General Stats

  • This quiz has been taken 31 times
  • The average score is 11 of 17

Answer Stats

No of citiesAnswer% Correct
6San
93%
2Ber
87%
3Bra
87%
4Ban
77%
2Sai
77%
3Man
73%
6Por
73%
2Bel
70%
2Par
67%
3Mon
60%
2Abu
53%
2Bei
53%
3Kin
50%
2Mal
37%
2Vie
37%
2Bis
30%
2Pra
27%

Score Distribution

Percentile by Number Answered

Percent of People with Each Score

Your Score History

You have not taken this quiz